000 00535nam a2200169 a 4500
008 120416s1982 ||||||||||||||||| || u
050 _aKD 174 Hea
100 _aHeap, Desmond
245 1 3 _aAn outline of planning law
250 _a8th ed
260 _aLondon
_bSweet and Maxwell
_c1982
300 _alxix, 348p. : ill
350 _a0.00
650 _aPLANNING LAW
650 _aLAW
995 _D0.00
_FCBU-MAIN LIBRARY (Kitwe)
_H1
_I0.00
_M1
_UDAMAGED
_ZMain Library Open Access Collection
999 _c53009
_d53009